000 00512nam a2200181Ia 4500
003 GCL
008 140319s9999 xx 000 0 ara d
040 _aGCL /
_cGCL
082 0 4 _a408.1
_bع ح
100 1 _aعبدالحكيم العبد
245 1 0 _aحركة الترجمة الحديثة /
_cعبدالحكيم العبد
300 _a201 ص
490 _aمكتبة الشباب
_v0
650 0 4 _aالترجمة العربية
650 0 4 _aاللغات
650 0 4 _aالترجمة
942 _2ddc
_cBK
999 _c50761
_d50761